Cave Paintings of India/ (Record no. 189292)

MARC details
000 -LEADER
fixed length control field 00520nam a22001817a 4500
005 - DATE AND TIME OF LATEST TRANSACTION
control field 20220623104552.0
010 ## - LCCN (DPL NO)
LC control number ENG-133332
020 ## - INTERNATIONAL STANDARD BOOK NUMBER
International Standard Book Number 9788192557146
Terms of availability 750.00
035 ## - SYSTEM CONTROL NUMBER
System control number EN-116864
037 ## - SOURCE OF ACQUISITION
Source of stock number/acquisition DBAD/PUB
082 ## - DEWEY DECIMAL CLASSIFICATION NUMBER
Classification number 759.954
100 ## - MAIN ENTRY--PERSONAL NAME
Personal name Nigam,Shanti
245 ## - TITLE STATEMENT
Title Cave Paintings of India/
Statement of responsibility, etc Shanti Nigam
260 ## - PUBLICATION, DISTRIBUTION, ETC. (IMPRINT)
Place of publication, distribution, etc Allahabad
Name of publisher, distributor, etc Anurag Publication
Date of publication, distribution, etc 2017
270 ## - ADDRESS
Address 116/70, Lukerganj
City Allahbad
Postal code 211001
300 ## - PHYSICAL DESCRIPTION
Extent 240p.
Dimensions 21cm(hbk)
Other physical details Bibliography
942 ## - ADDED ENTRY ELEMENTS (KOHA)
Source of classification or shelving scheme Dewey Decimal Classification
Item type English Books
Classification part 759.954
Call number suffix NIG
Holdings
Withdrawn status Lost status Not for loan Collection code Home library Current library Date acquired Source of acquisition Cost, normal purchase price Full call number Barcode Copy number Cost, replacement price Koha item type
      Non-fiction Ashok Vihar Ashok Vihar 23/06/2022 DBAD/PUB 750.00 759.954 NIG EN-116864 1 750.00 English Books

© Delhi Public Library
Hit Counter
free hit counter